Khảo sát sự tương quan giữa hàm lượng dinh dưỡng trong đất, lá, trái và năng suất xoài cát Hòa Lộc (Mangifera indica L.) tại huyện Cái Bè, tỉnh Tiền Giang Luận văn thạc sĩ Khoa học Nông nghiệp

Gorde:
Xehetasun bibliografikoak
Egile nagusia: Lê, Thị Thảo
Formatua: Liburua
Hizkuntza:Undetermined
Argitaratua: Cần Thơ Trường Đại học Cần Thơ 2012
Gaiak:
Etiketak: Etiketa erantsi
Etiketarik gabe, Izan zaitez lehena erregistro honi etiketa jartzen!
Thư viện lưu trữ: Trung tâm Học liệu Trường Đại học Cần Thơ
LEADER 00904nam a2200205Ia 4500
001 CTU_178451
008 210402s9999 xx 000 0 und d
082 |a 634.44 
082 |b Th108 
088 |a 60620110 
100 |a Lê, Thị Thảo 
245 0 |a Khảo sát sự tương quan giữa hàm lượng dinh dưỡng trong đất, lá, trái và năng suất xoài cát Hòa Lộc (Mangifera indica L.) tại huyện Cái Bè, tỉnh Tiền Giang 
245 0 |b Luận văn thạc sĩ Khoa học Nông nghiệp 
245 0 |c Lê Thị Thảo ; Trần Văn Hâu (Hướng dẫn khoa học) 
260 |a Cần Thơ 
260 |b Trường Đại học Cần Thơ 
260 |c 2012 
650 |a Mango (Mangifera indica L.),Kỹ thuật trồng xoài 
910 |a Nguyên 
980 |a Trung tâm Học liệu Trường Đại học Cần Thơ